000 02973cam a22005894i 4500
003 PE-LiUPU
005 20250731183433.0
008 150706s2011 r 000 0 d
020 _a9788425224126
035 _a(Sirsi) i9788425224126
040 _aPE-LiUPU
_bspa
_cPE-LiUPU
_erda
049 _aPRUA
082 0 4 _a725.21
_bM44
_221
100 1 _aMesher, Lynne,
_eautor.
245 1 0 _aDiseño de espacios comerciales /
_cLynne Mesher ; traducido por Sandra Sanmiguel.
264 1 _aBarcelona :
_bGustavo Gili,
_c2011.
300 _a183 páginas :
_bilustraciones ;
_c23 cm.
336 _atext
_2rdacontent
337 _aunmediated
_2rdamedia
338 _avolume
_2rdacarrier
490 0 _aManuales de diseño interior ;
_v01
500 _aTítulo original: Retail design.
504 _aIncluye bibliografía.
505 0 _aBranding e identidad -- Sectores comerciales -- Emplazamientos comerciales -- El entorno comercial -- Métodos de organización del espacio -- Diseño de los detalles.
526 _aP158
526 _aP146
526 _aP17
526 _aP12
526 _aP06
541 _g030-0013374;
541 _g015-0015391;
541 _g015-0016385;
650 0 4 _aCentros comerciales
_xArquitectura interior.
650 0 4 _aEdificios comerciales
_xDiseño y construcción.
650 0 4 _aEscaparatismo
_xFotografías.
650 0 4 _aArquitectura de centros comerciales
_xDiseños y planos.
650 0 4 _aCentros comerciales
_xDiseño y construcción.
650 0 4 _aCentros comerciales
_xFotografías.
650 0 4 _aDecoración de almacenes.
700 1 _aSanmiguel, Sandra,
_etr.
700 1 _aRojals, Marta,
_erev.
910 _agl
_cfsr
_d20121204
942 _2ddc
_cBOOK
949 _a725.21 M44
_wDEWEY
_c1
_i65848
_lCCODEBUL1
_mBUL
_p45.00
_r0
_sY
_tBOOK
_u2015-7-6
_xFCE
_PP04
_o.STAFF. Colección General
949 _a725.21 M44
_wDEWEY
_c2
_i67539
_lCCODEBUL1
_mBUL
_p49.00
_r0
_sY
_tBOOK
_u2015-7-6
_xINGENIERIA
_PP06
_o.STAFF. Colección General
949 _a725.21 M44
_wDEWEY
_c3
_i69747
_lCCODEBUL1
_mBUL
_p52.00
_r0
_sY
_tBOOK
_u2015-7-6
_xINGENIERIA
_PP06
_o.STAFF. Colección General
994 _aC0
_bPEPRU
596 _a1
999 _a725.21 M44
_wDEWEY
_c54239
_i65848
_d54239
_e2016-11-20
_f2021-11-10
_g7
_lCCODEBUL1
_mBUL
_n1
_p45.00
_r0
_sY
_tBOOK
_u2015-7-6
_xINGENIERIA
_PP04
_0COMPRA
_o.STAFF. Colección General
999 _a725.21 M44
_wDEWEY
_c2
_i67539
_d2019-5-16
_e2019-5-16
_f2021-11-10
_g7
_lCCODEBUL1
_mBUL
_n5
_p49.00
_q1
_r0
_sY
_tBOOK
_u2015-7-6
_xINGENIERIA
_PP06
_0COMPRA
_o.STAFF. Colección Ingenieria y Arquitectura
999 _a725.21 M44
_wDEWEY
_c3
_i69747
_d2018-10-30
_e2018-10-25
_f2021-11-10
_g7
_lCCODEBUL1
_mBUL
_n6
_p52.00
_q3
_r0
_sY
_tBOOK
_u2015-7-6
_xINGENIERIA
_PP06
_0COMPRA
_o.STAFF. Colección Ingenieria y Arquitectura
980 _81
_gALBERTO SANCHEZ Responsable de Automatización